000 00757nam0a22002411 4500
001 rc\3523731
005 20250610014056.0
021 _aRU
_bРг13589-73
035 _a(NLR Aleph) 007624423
090 _a5955372
_c5955372
100 _a20130115d1973 |||y0rusy50 ca
101 0 _arus
102 _aRU
105 _aa z |||||
200 1 _aВ защиту мира
_e[Альбом репродукции
_fАвт. вступ. статьи Д. Дедуник]
210 _aМосква
_cСов. художник
_d1973
215 _a[1] л., 15 отд. л. ил. в обл.-папке
_d29
702 1 _aДедуник
_bД.
_4080
801 0 _aRU
_bNLR
_gpsbo
801 1 _aRU
_bELAR
_2rusmarc
852 _aNLR
_jЭ АлИ960/2-24
942 _cBOOK
980 _aNB